000 00471nam a22001817a 4500
005 20251108165218.0
008 250721s1970 xx 000 0 ara d
082 1 4 _a610.956/أحم
100 1 _aالشطي، أحمد شوكت
245 1 0 _aالعرب و الطب /
264 1 _aدمشق :
_bوزارة الثقافة،
_c1970.
300 _a187ص
650 1 7 _aالطب
650 1 7 _aالتاريخ
650 1 7 _aالعرب
942 _2ddc
_cBK
999 _c22258
_d22258